[Event "POR Associations Cup"]
[Site "Almeirim"]
[Date "2017.10.15"]
[Round "2.1"]
[White "Cardoso, Pedro Manuel GS"]
[Black "Sousa, Ana Joao Rodrigues"]
[Result "1-0"]
[WhiteElo "1936"]
[BlackElo "1179"]
[PlyCount "45"]
[EventDate "2017.10.14"]
[EventType "team-k.o."]
[EventRounds "3"]
[EventCountry "POR"]
[SourceTitle "CBM 181 Extra"]
[Source "ChessBase"]
[SourceDate "2017.12.12"]
[SourceVersion "1"]
[SourceVersionDate "2017.12.12"]
[SourceQuality "1"]
[WhiteTeam "Montemor o Velho"]
[BlackTeam "Corvos Do Lis"]
[WhiteTeamCountry "POR"]
[BlackTeamCountry "POR"]

1. e4 c5 2. c4 Nc6 3. d3 Nf6 4. f4 d6 5. Be2 g6 6. g4 Nd4 7. h3 Bg7 8. Nc3 Bd7 9. Nf3 e5 10. f5 Qb6 11. g5 Nh5 12. Nxd4 exd4 13. Nd5 Qc6 14. Bxh5 gxh5 15. Qxh5 a6 16. a4 b5 17. axb5 axb5 18. Rxa8+ Qxa8 19. Nc7+ Kd8 20. Nxa8 bxc4 21. Qxf7 Be5 22. g6 Bg3+ 23. Kf1 1-0